00297nam a2200133Ia 45000030006000000080041000060400015000471000021000622450036000832600009001193000006001285460012001340050017001460STCL150530s9999 xx 000 0 und d aSTCLcSTCL aDevdas Menon; Ed aStop Sleep Walking Through Life c2004 a0 aEnglish20220125165318.0